000 00393nam a22001337a 4500
008 230913b |||||||| |||| 00| 0 eng d
020 _a978-1633421820
050 _aBT1102
_b.H87 2020
100 _aHurley, Shannon
245 _aThe quest for truth :
_bA journey into the heart of Biblical christianity
_cShannon Hurley
260 _bShepherd press
_c2020
300 _a253p.
942 _2lcc
_cBK
999 _c20282
_d20281